Metodología de la intervención en trabajo social

محفوظ في:
التفاصيل البيبلوغرافية
المؤلف الرئيسي: Robertis, Cristina de (مؤلف)
التنسيق: كتاب
اللغة:الإسبانية
منشور في: Buenos Aires, Argentina Lumen 2006
الموضوعات:
الوصول للمادة أونلاين:Disponible Online
الوسوم: إضافة وسم
لا توجد وسوم, كن أول من يضع وسما على هذه التسجيلة!

MARC

LEADER 00000cam a2200000 a 4500
001 UCG0834
003 CL-VaPUC
005 20240513141257.0
008 100408e20060000AG |||||||||||||||||spa|d
999 |c 340352  |d 340350 
020 |a 9870005586 
040 |c Pontificia Universidad Católica de Valparaíso 
082 0 4 |a 361.001 ROB 2006  |2 21 
100 0 |a Robertis, Cristina de  |e author  |9 548439 
245 1 0 |a Metodología de la intervención en trabajo social 
260 |a Buenos Aires, Argentina   |b Lumen  |c 2006 
300 |a 336 páginas  
583 |a last modification  |c 20160421 10:05:55  |k Rodrigo Vera 
650 0 |a Trabajo social   |9 307856 
650 0 |a Intervención social   |2 CL-VaPUC  |9 548440 
856 |u https://bibliografiadigital.pucv.cl/index.php/bibliotecapucv/catalog/book/538  |y Disponible Online 
942 |c BK  |2 ddc 
945 |d 20100408 00:00:00  |a dcastane 
952 |0 0  |1 0  |4 0  |6 361_001000000000000_ROB_2006  |7 0  |8 R  |9 434982  |a BIBGIM  |b BIBGIM  |d 2019-11-22  |i 4660056  |o 361.001 ROB 2006  |p 4660056  |r 2025-01-15  |w 2019-11-22  |y BK_R  |k SSL 
952 |0 0  |1 0  |4 0  |6 361_001000000000000_ROB_2006  |7 0  |8 R  |9 434983  |a BIBGIM  |b BIBGIM  |d 2019-11-22  |i 4756894  |o 361.001 ROB 2006  |p 4756894  |r 2025-01-15  |w 2019-11-22  |y BK_R  |k SSL 
952 |0 0  |1 0  |4 0  |6 361_001000000000000_ROB_2006  |7 0  |8 R  |9 434984  |a BIBGIM  |b BIBGIM  |d 2019-11-22  |i 4756908  |o 361.001 ROB 2006  |p 4756908  |r 2025-01-15  |w 2019-11-22  |y BK_R  |k SSL 
952 |0 0  |1 0  |3 erb  |4 0  |6 361_001000000000000_ROB_2006  |7 0  |8 R  |9 434985  |a BIBGIM  |b BIBGIM  |i 5283434  |l 1  |m 1  |o 361.001 ROB 2006  |p 5283434  |r 2025-01-15  |s 2023-10-03  |w 2019-11-22  |y BK_R  |z Catalogado en:20160421  |k SSL 
952 |0 0  |1 0  |3 erb  |4 0  |6 361_001000000000000_ROB_2006  |7 0  |8 R  |9 434986  |a BIBGIM  |b BIBGIM  |i 5283442  |o 361.001 ROB 2006  |p 5283442  |r 2025-01-15  |w 2019-11-22  |y BK_R  |z Catalogado en:20160421  |k SSL